Największe miasta Anglii - Statystyki

Ogólne statystyki
  • Ten quiz został rozwiązany 1 071 razy
  • Średni wynik to 5 z 15
Statystyki odpowiedzi
# Ludność Miasto % Poprawnych
1 7 172 000 Londyn
100%
7 393 000 Manchester
93%
5 439 000 Liverpool
92%
2 977 000 Birmingham
76%
6 429 000 Leeds
56%
3 513 000 Sheffield
36%
8 381 000 Bristol
31%
13 301 000 Coventry
13%
12 301 000 Wigan
4%
14 287 000 Doncaster
3%
4 468 000 Bradfort
1%
15 285 000 Stockport
1%
11 305 000 Dudley
0%
9 315 000 Wakefield
0%
10 312 000 Wirral
0%
Nie znaleziono quizów pasujących do podanych kryteriów
Rozkład punktacji
Procent ludzi z każdym wynikiem
Percentyl według liczby udzielonych odpowiedzi
Twoja historia wyników
Nie rozwiązałeś tego quizu